Statistics for Characters Played By Different Actors #9

Click here to take the quiz!

General Stats

  • This quiz has been taken 286 times
    (261 since last reset)
  • The average score is 8 of 20

Answer Stats

ActorsHintCharacter% Correct
Halle Berry; Alexandra Shipp*mutantStorm
81%
Laurence Olivier; Liam NeesongodZeus
80%
Jared Leto*; Zach Galifianakis*villainThe Joker
71%
James Marsden; Tye Sheridan*mutantCyclops
59%
Famke Janssen; Sophie Turner*mutantJean Grey
57%
Dustin Hoffman; Garrett Hedlund*pirateHook
55%
Robert Englund; Jackie Earle Haleychild killerFreddy Krueger
53%
Alec Guinness; Bruno GanzdictatorAdolf Hitler
52%
Kris Kristofferson; Emilio EstevezoutlawBilly the Kid
48%
James Woods; Ralph FiennesgodHades
47%
Steve McQueen; Pierce Brosnanart thiefThomas Crowne
44%
David Janssen; Harrison FordfugitiveDr. Richard Kimble
41%
Arnold Schwarzenegger; Kevin SorboheroHercules
41%
Kiefer Sutherland; John MalkovichmusketeerAthos
37%
Sarah Michelle Gellar; Emilia ClarkemotherSarah Connor
27%
Anthony Michael Hall; Ed Helms*vacationerRussell Griswold
24%
David Doyle; Bill MurrayliaisonJohn Bosley
12%
Anthony Perkins; John MalkovichdoctorDr. Jekyll
8%
Peter Firth; Daniel Radcliffehorse blinderAlan Strang
4%
John Lithgow; Dennis QuaidreverenedShaw Moore
3%

Score Distribution

Percentile by Number Answered

Percent of People with Each Score

Your Score History

You have not taken this quiz since the last reset